Educación cívica 2 /

Guardado en:
Autor Principal: Mignone, Emilio F.
Formato: Libro
Publicado: Buenos Aires : Colihue, 1986
Materias:
Etiquetas: Agregar Etiqueta
Sin Etiquetas, Sea el primero en etiquetar este registro!
LEADER 00886nam a22002535a 4500
001 CEM.cems004398
005 20060216000000.0
008 130507s1986##################000#0#####d
003 CEMS
082 0 4 |a 320 
100 1 |a Mignone, Emilio F. 
245 1 0 |a Educación cívica 2 / 
260 |a Buenos Aires :  |b Colihue,  |c 1986 
300 |a 185 p. 
653 |a Argentina-division de poderes 
653 |a Argentina-organizacion politic 
653 |a Democracia 
653 |a Educacion civica 2do. año 
653 |a Estado y nacion 
859 |a CEMS  |b BIB. CEMS - 11 de abril  |h 320  |i M588/2  |p 14621.87  |t Ej.1 
859 |a CEMS  |b BIB. CEMS - 11 de abril  |h 320  |i M588/2  |p 14622.87  |t Ej.2 
859 |a CEMS  |b BIB. CEMS - 11 de abril  |h 320  |i M588/2  |p 14623.87  |t Ej.3 
859 |a CEMS  |b BIB. CEMS - 11 de abril  |h 320  |i M588/2  |p 14624.87  |t Ej.4 
859 |a CEMS  |b BIB. CEMS - 11 de abril  |h 320  |i M588/2  |p 14625.87  |t Ej.5